[Event "Singapore Masters 3rd"]
[Site "Singapore"]
[Date "2006.12.29"]
[Round "7"]
[White "Hasan, Basri"]
[Black "Lee TH, Bryan"]
[Result "1-0"]
[WhiteElo "2127"]
[BlackElo "1908"]
[PlyCount "121"]
[EventDate "2006.12.26"]
[EventType "swiss"]
[EventRounds "9"]
[EventCountry "SIN"]
[SourceTitle "CBM 116 Extra"]
[Source "ChessBase"]
[SourceDate "2007.03.07"]
[SourceVersion "1"]
[SourceVersionDate "2007.03.07"]
[SourceQuality "1"]

1. e4 c5 2. Nf3 d6 3. d4 cxd4 4. Nxd4 Nf6 5. Nc3 g6 6. Be3 Bg7 7. f3 0-0 8. Qd2 Nc6 9. Bc4 Bd7 10. h4 Rc8 11. Bb3 Ne5 12. 0-0-0 Nc4 13. Bxc4 Rxc4 14. g4 h5 15. e5 Nxg4 16. fxg4 Bxg4 17. Nde2 Bxe5 18. Rdf1 Qd7 19. Bd4 Rfc8 20. Bxe5 dxe5 21. Qe3 Qc7 22. Rh2 Qc5 23. Qd2 b5 24. Rhf2 Bh3 25. Rxf7 Bxf1 26. Rxf1 Rf8 27. Rd1 Rf6 28. Qh6 Qc8 29. a3 a5 30. Nd5 Re6 31. Kb1 Qf8 32. Qd2 Rcc6 33. Qxa5 Qf5 34. Nec3 e4 35. Qxb5 Rcd6 36. Qe8+ Kg7 37. Ne3 Rxd1+ 38. Ncxd1 Qf8 39. Qa4 Qf4 40. Qd4+ Qf6 41. Qc4 Qe5 42. b4 Kh6 43. Qc8 Kg7 44. Nc4 Qf6 45. Nde3 Rc6 46. Qd7 Re6 47. b5 Kf7 48. Qd5 Kg7 49. a4 Qf7 50. a5 Rf6 51. Qxf7+ Rxf7 52. a6 g5 53. a7 Rf8 54. hxg5 h4 55. Nf5+ Kg6 56. Nxh4+ Kxg5 57. Ng2 Kg4 58. b6 Kf3 59. Nge3 Ra8 60. b7 Rxa7 61. b8Q 1-0

[Event "Singapore Masters 3rd"]
[Site "Singapore"]
[Date "2006.12.27"]
[Round "4"]
[White "Lim, Yee Weng"]
[Black "Hasan, Basri"]
[Result "1-0"]
[WhiteElo "2307"]
[BlackElo "2127"]
[PlyCount "85"]
[EventDate "2006.12.26"]
[EventType "swiss"]
[EventRounds "9"]
[EventCountry "SIN"]
[SourceTitle "CBM 116 Extra"]
[Source "ChessBase"]
[SourceDate "2007.03.07"]
[SourceVersion "1"]
[SourceVersionDate "2007.03.07"]
[SourceQuality "1"]

1. e4 c5 2. c3 d5 3. exd5 Qxd5 4. d4 Nf6 5. Nf3 Bg4 6. dxc5 Qxc5 7. Na3 Nc6 8. Nb5 Rc8 9. Be3 Qh5 10. Nxa7 Nxa7 11. Bxa7 Qa5 12. Be3 e5 13. Qb3 Bd6 14. Rd1 Qc7 15. Bb5+ Ke7 16. Be2 Be6 17. Qc2 Bxa2 18. Bg5 Be6 19. Nd2 h6 20. Bxf6+ gxf6 21. Bd3 Rhg8 22. Ne4 Bc5 23. Nxc5 Qxc5 24. 0-0 Bh3 25. Be4 f5 26. Qd3 fxe4 27. Qxh3 Qc6 28. Rfe1 Rg5 29. Qe3 Rcg8 30. g3 f5 31. c4 f4 32. Qxe4 fxg3 33. hxg3 Qb6 34. Qh7+ Kf8 35. c5 Qf6 36. Re3 R5g7 37. Qd3 Ke8 38. Qd5 Rg5 39. Qd7+ Kf8 40. Qc7 Qf7 41. Rd8+ Kg7 42. Rd7 Rf8 43. Rf3 1-0

[Event "Singapore Masters 3rd"]
[Site "Singapore"]
[Date "2006.12.26"]
[Round "1"]
[White "Hasan, Basri"]
[Black "Zhang, Jilin"]
[Result "0-1"]
[WhiteElo "2127"]
[BlackElo "2292"]
[PlyCount "64"]
[EventDate "2006.12.26"]
[EventType "swiss"]
[EventRounds "9"]
[EventCountry "SIN"]
[SourceTitle "CBM 116 Extra"]
[Source "ChessBase"]
[SourceDate "2007.03.07"]
[SourceVersion "1"]
[SourceVersionDate "2007.03.07"]
[SourceQuality "1"]

1. e4 c5 2. Nf3 d6 3. d4 cxd4 4. Nxd4 Nf6 5. Nc3 a6 6. Bc4 e6 7. Bb3 b5 8. 0-0 Be7 9. f4 b4 10. Na4 0-0 11. f5 e5 12. Ne2 Bb7 13. Ng3 Nbd7 14. Qf3 Bc6 15. Bd2 Qc7 16. Kh1 Bb5 17. c4 bxc3 18. Rfc1 Bxa4 19. Rxc3 Qa5 20. Bd5 Nxd5 21. exd5 Nf6 22. Nh5 e4 23. Nxf6+ Bxf6 24. Qxe4 Rfe8 25. Qf3 Qb5 26. b3 Qe2 27. Qxe2 Rxe2 28. Rac1 Bxc3 29. Bxc3 Rc8 30. h3 Re3 31. bxa4 Rexc3 32. Rb1 Rc1+ 0-1